50 Largest Cities in Israel - Statistics

General Stats
  • This quiz has been taken 152 times
  • The average score is 20 of 50
Answer Stats
Population City % Correct
285,316 Haifa
99%
981,711 Jerusalem
99%
460,613 Tel-Aviv Yafo
99%
214,162 Beerseba
82%
226,827 Ashdod
81%
153,138 Ashkelon
74%
233,104 Netanya
73%
52,299 Eilat
69%
163,480 Ramat Gan
68%
254,384 Rishon LeZion
68%
196,282 Holon
62%
77,445 Nazareth
57%
218,357 Bnei Brak
54%
106,741 Herzliya
49%
80,260 Ra'anana
46%
48,472 Tiberias
46%
129,013 Bat Yam
45%
85,351 Lod
45%
63,947 Nahariya
45%
143,904 Rehovot
45%
103,041 Hadera
44%
51,420 Acre
42%
79,132 Ramla
37%
64,437 Kiryat Gat
35%
154,694 Beit Shemesh
33%
61,924 Givatayim
33%
38,029 Safed
33%
247,956 Petah Tikvah
31%
65,614 Hod HaSharon
30%
61,519 Afula
29%
48,181 Ramat HaSharon
24%
59,030 Kiryat Ata
23%
79,064 Rahat
23%
40,409 Kiryat Ono
20%
50,351 Ness Ziona
20%
46,374 Netivot
20%
56,232 Yavne
20%
47,317 Karmiel
19%
39,897 Kiryat Yam
19%
73,678 Rosh HaAyin
19%
38,854 Or Yehuda
13%
93,277 Modi'in-Maccabim-Re'ut
11%
44,620 Kiryat Bialik
11%
48,001 Kiryat Motzkin
11%
44,184 Nof HaGalil
11%
101,432 Kfar Sabah
10%
58,665 Umm al-Fahm
8%
48,763 El'ad
7%
42,137 Shefa-'Amr
6%
46,020 Tayibe
4%
No matching quizzes found
Score Distribution
Percent of People with Each Score
Percentile by Number Answered
Your Score History
You have not taken this quiz